000
00309nam a22001337a 4500
020
_q
HB.
040
_c
FIZZA ISHAQ
082
_a
004.33
_b
DAV
100
_a
COLLER,E DAVID.
_9
89260
245
_a
PARALLEL COMPUTER /
_c
DAVID E COLLER.
260
_a
NEW YORK ;
_c
1999.
300
_a
1025 P. ;
942
_2
ddc
_c
BK
999
_c
588065
_d
588065